The structural condition of Wimpey No-fines low-rise dwellings (Record no. 88315)

MARC details
000 -LEADER
fixed length control field 00712cam a2200265 4500
008 - FIXED-LENGTH DATA ELEMENTS--GENERAL INFORMATION
fixed length control field 090401t1989 xxu||||| |||| 00| 0 eng d
020 ## - INTERNATIONAL STANDARD BOOK NUMBER
International Standard Book Number 0851254039
035 ## - SYSTEM CONTROL NUMBER
System control number (Sirsi) u23077
041 ## - LANGUAGE CODE
Language code of text/sound track or separate title eng
050 ## - LIBRARY OF CONGRESS CALL NUMBER
Classification number 693.97
100 ## - MAIN ENTRY--PERSONAL NAME
Personal name Reeves, B.R.
245 #4 - TITLE STATEMENT
Title The structural condition of Wimpey No-fines low-rise dwellings
260 ## - PUBLICATION, DISTRIBUTION, ETC.
Place of publication, distribution, etc. Garston,Watford
Name of publisher, distributor, etc. Building Research Establishment
Date of publication, distribution, etc. 1989
300 ## - PHYSICAL DESCRIPTION
Extent iii,39p. : ill. ; 30cm.
350 ## - PRICE (NR) (BK AM CF MU VM SE) [OBSOLETE]
Price 26
490 ## - SERIES STATEMENT
Series statement BRE Report
Volume/sequential designation 153
650 ## - SUBJECT ADDED ENTRY--TOPICAL TERM
Topical term or geographic name entry element BUILDING DEFECTS
650 ## - SUBJECT ADDED ENTRY--TOPICAL TERM
Topical term or geographic name entry element CONCRETE HOUSES
650 ## - SUBJECT ADDED ENTRY--TOPICAL TERM
Topical term or geographic name entry element NO-FINES CONCRETE
650 ## - SUBJECT ADDED ENTRY--TOPICAL TERM
Topical term or geographic name entry element PREFABRICATION
650 ## - SUBJECT ADDED ENTRY--TOPICAL TERM
Topical term or geographic name entry element SYSTEM BUILT
700 ## - ADDED ENTRY--PERSONAL NAME
Personal name Martin, G.R.
942 ## - ADDED ENTRY ELEMENTS (KOHA)
Suppress in OPAC 0
948 ## - LOCAL PROCESSING INFORMATION (OCLC); SERIES PART DESIGNATOR (RLIN)
c (OCLC) 04/03/1997
Holdings
Withdrawn status Lost status Source of classification or shelving scheme Damaged status Not for loan Home library Current library Shelving location Date acquired Cost, normal purchase price Total Checkouts Full call number Barcode Date last seen Date last checked out Copy number Cost, replacement price Price effective from Koha item type
    Dewey Decimal Classification     London London Folio 14/09/1999 26.00 29 F693.97 30021664 06/08/2019 13/11/2009 1 26.00 06/08/2019 Book